Thermodynamics applied to heat engines (Record no. 67463)

000 -LEADER
fixed length control field 00543nam a22001697a 4500
003 - CONTROL NUMBER IDENTIFIER
control field NUST - PNEC
005 - DATE AND TIME OF LATEST TRANSACTION
control field 20170116181023.0
008 - FIXED-LENGTH DATA ELEMENTS--GENERAL INFORMATION
fixed length control field 150915b xxu||||| |||| 00| 0 eng d
040 ## - CATALOGING SOURCE
Transcribing agency LIBRARY
082 ## - DEWEY DECIMAL CLASSIFICATION NUMBER
Classification number 621.101 LEW
100 ## - MAIN ENTRY--PERSONAL NAME
9 (RLIN) 10734
Personal name Lewitt, Ernest Henry
245 ## - TITLE STATEMENT
Title Thermodynamics applied to heat engines
Remainder of title a text-book covering the syllabuses of the B. Sc (Eng.) and I. Mech. E. examinations in this subject
Statement of responsibility, etc. Ernest Henry Lewitt
250 ## - EDITION STATEMENT
Edition statement 3rd ed
260 ## - PUBLICATION, DISTRIBUTION, ETC.
Date of publication, distribution, etc. 1943
650 ## - SUBJECT ADDED ENTRY--TOPICAL TERM
9 (RLIN) 5418
Topical term or geographic name entry element Thermodynamics
General subdivision ME
942 ## - ADDED ENTRY ELEMENTS (KOHA)
Source of classification or shelving scheme
Koha item type Book
Holdings
Withdrawn status Lost status Source of classification or shelving scheme Damaged status Not for loan Permanent Location Current Location Shelving location Date acquired Total Checkouts Full call number Barcode Date last seen Price effective from Koha item type
          Pakistan Navy Engineering College (PNEC) Pakistan Navy Engineering College (PNEC)       621.101 LEW PNECLIB-003304 09/15/2015   Book
© 2023 Central Library, National University of Sciences and Technology. All Rights Reserved.